| 000 | 01061cam a2200313 i 4500 | ||
|---|---|---|---|
| 001 | vtls003261284 | ||
| 003 | MY-SjTCS | ||
| 005 | 20200226120125.0 | ||
| 008 | 141209t20112011mnu 000 0deng d | ||
| 020 | _a9781935098539 (paperback) | ||
| 039 | 9 |
_a201809071331 _bVLOAD _c201501021024 _dshuhada _c201501021022 _dshuhada _y201412091630 _zmalathy |
|
| 040 | _erda | ||
| 043 | _an-us--- | ||
| 082 | 0 | 4 |
_a658.8708 _bBIS 2011 |
| 100 | 1 |
_aBisio, Rick. _973104 |
|
| 245 | 1 | 0 |
_aThe educated franchisee : _bthe how-to book for choosing a winning franchise / _cby Rick Bisio ; written with Mike Kohler. |
| 250 | _aSecond edition. | ||
| 264 | 1 |
_aMinneapolis, MN : _bBascom Hill Publishing Group, _c[2011] |
|
| 264 | 4 | _c©2011 | |
| 300 |
_a199 pages ; _c23 cm |
||
| 336 |
_atext _2rdacontent |
||
| 337 |
_aunmediated _2rdamedia |
||
| 338 |
_avolume _2rdacarrier |
||
| 650 | 0 |
_aFranchises (Retail trade) _912146 |
|
| 650 | 0 | _aEntrepreneurship. | |
| 650 | 0 |
_aBusiness enterprises _xPurchasing _zUnited States. |
|
| 700 | 1 | _aKohler, Mike. | |
| 920 | _aADTP : 216558 | ||
| 999 | _c159288 | ||